Culture Générale - Série 1432 - Statistiques

Statistiques générales
  • Ce quiz a été pris 128 fois
  • Le résultat moyen est 6 sur 10
Statistiques - réponses
Question Réponse % Correct
En 1966, de quelle couleur est le "Submarine" dans la chanson originale des Beatles ? yellow
92%
Dans quel pays se trouve un mélomane, qui admire l'architecture du célèbre Opéra de Sydney ? Australie
89%
Quelle est la capitale de la Jamaïque ? Kingston
87%
Quelle est la capitale de la Nouvelle-Zélande ? Wellington
85%
Quel pays est séparé de la Pologne par le fleuve Oder ? Allemagne
82%
Quel nom féminin désigne spécifiquement le cabinet où exerce un notaire ? étude
66%
Que désigne le deuxième "G" du sigle "G.I.G.N." ? Gendarmerie
63%
Quelle grosse bouteille contient précisément l'équivalent de quatre bouteilles ordinaires de champagne ? jéroboam
37%
Comment s'appelle le loup, dans les récits médiévaux qui composent "Le Roman de Renart" ? Isengrin
32%
Dans la série "Hélène et les garçons", comment se prénomme le musicien aux cheveux longs incarné par Philippe Vasseur ? José
17%
Aucun quiz correspondant
Distribution des résultats
% des personnes avec chaque résultat
Percentile par nombre de réponses
Votre historique - résultats
Vous n’avez pas pris ce quiz